LEADER 00997nam a2200241 i 4500 001 000000173325 003 CaOOAMICUS 005 20080714000000.0 008 080714s1946 it u000 u ita u 013 $a150777 040 $aSeMil$bita 100 1 $aPeretti, Aurelio.$0(OLS)http://semarc/name/64724 245 10$aLuciano un intellettuale greco contro Roma /$cAurelio Peretti. 260 $aFirenze :$bLa Nuova Italia,$cstampa 1946. 300 $a154 p. ;$c20 cm. 490 0 $aBiblioteca di cultura ;$v26 500 $aContiene : Nota bibliografica. 600 04$aLuciano : di Samostata .$0(OLS)http://semarc/subject/32464 830 0$aBiblioteca di cultura ;$v26.$0(OLS)http://semarc/title/6149 850 $aSeMil 852 $aSeMil$W1$xVenegono$y1$m1Z II 140$j124170$B124170$CSeMilBibl$Z2$F135298 $81 996 $6245$aLuciano un intellettuale greco contro Roma$9(OLS)http://semarc/title/248245 996 $6260$aFirenze :$bLa Nuova Italia$9(OLS)http://semarc/publisher/30055 LEADER 01192nam a2200277 4500 001 000000345118 003 CaOOAMICUS 005 20210422112748.0 008 210329s1970 it a 000 u ita r 040 $aSeMil$bita 100 1 $aMasini, Carlo.$0(OLS)http://semarc/name/10825 245 10$aLavoro e risparmio :$beconomia d'azienda /$cCarlo Masini. 264 1$aTorino :$bUnione Tipografico-Editrice Torinese,$c1970. 300 $aXXIII, 733 p., [1] carta di tav. ripieg :$bill. ;$c25 cm 490 1 $aSociologi ed economisti ;$v47 541 0 $aOmaggio mons. Mario Delpini (3M V 241) 650 4$aEconomia aziendale.$0(OLS)http://semarc/subject/28472 650 4$aLavoro.$0(OLS)http://semarc/subject/16076 830 0$aSociologi ed economisti ;$v47.$0(OLS)http://semarc/title/419 850 $aSeMil 852 $aSeMil$W1$xVenegono$y1$m3M V 241$j225561$B236188$CSeMilBibl$Z2$F236188 $81 941 1 $a7 961 $aOmaggio mons. Mario Delpini 996 $6245$aLavoro e risparmio :$beconomia d'azienda$9(OLS)http://semarc/title/434232 996 $6264$aTorino :$bUnione Tipografico-Editrice Torinese$9(OLS)http://semarc/publisher/29628 LEADER 01151nam a2200217 i 4500 001 000000028285 003 CaOOAMICUS 005 20180830125448.0 008 180830s1817 it u000 u ita u 040 $aSeMil$bita 245 13$aIl costume della primitiva chiesa nell'amministrazione de' sacramenti, ossia Analisi storica estratta dagli antichi e moderni scrittori in cui si ragiona dell'antica disciplina e de' cambiamenti .. 260 $aCalsalmaggiore :$bFratelli Bizzarri,$c1817. 300 $a3 v. ;$c20 cm. 500 $aLegati insieme i 2 vol. 650 4$aSacramenti.$0(OLS)http://semarc/subject/124 650 4$aChiesa primitiva e delle origini - Sacramenti.$0(OLS)http://semarc/subject/4540 774 0 $tTom. 1.$g1$w()60170 774 0 $tTom. 3.$g3$w()219518 774 0 $tTom. 2.$g2$w()219519 996 $6245$aIl costume della primitiva chiesa nell'amministrazione de' sacramenti, ossia Analisi storica estratta dagli antichi e moderni scrittori in cui si ragiona dell'antica disciplina e de' cambiamenti ..$9(OLS)http://semarc/title/38380 996 $6260$aCalsalmaggiore :$bFratelli Bizzarri$9(OLS)http://semarc/publisher/37685